Szczegóły MARC21

Europa : Wörterbüch - Simultan Dictionary : deutsch-englisch, französisch, spanisch, italienisch /

005 -DATA I CZAS OSTATNIEJ MODYFIKACJI [,]
    • @
    • pole kontrolne
    • 20070315155141.9
020 -Międzynarod. znormalizowany nr książki - ISBN [ , ]
    • a
    • Numer ISBN
    • 3850490904 Find
040 -Instytucja sporządzająca opis [ , ]
    • a
    • Instytucja, która sporządziła opis (NP)
    • SZCZ U
    • c
    • Instytucja, która sporządziła rekord (NP)
    • SZCZ U
041 -Język dokumentu [0, ]
    • a
    • Język tekstu (P)
    • wielojęzyczny
    • h
    • Język tekstu oryginalnego i/lub pośredniego (P)
    • wielojęzyczny
942 -Rodzaj dokumentu [ , ]
    • c
    • Rodzaj dokumentu
    • Książka
245 -Strefa tytułu i oznaczenia odpowiedzialności [0, ]
    • a
    • Tytuł
    • Europa : Find
    • b
    • Ciąg dalszy tytułu (NP)
    • Wörterbüch - Simultan Dictionary : deutsch-englisch, französisch, spanisch, italienisch / Find
260 -Strefa adresu wydawniczego [ , ]
    • a
    • Miejsce wydania (P)
    • Geneva :
    • b
    • Nazwa wydawcy (P)
    • "Eurobooks",
    • c
    • Data wydania (P)
    • 1991.
300 -Strefa opisu fizycznego [ , ]
    • a
    • Określenie formy książki i/lub objętość (NP)
    • 527 s. :
    • c
    • Format (NP)
    • 21 cm.
500 -Uwaga ogólna [ , ]
    • a
    • Uwaga ogólna (NP)
    • Tekst w jęz. niem., fr., ang., wł., hisz
080 -Uniwersalna Klasyfikacja Dziesiętna [ , ]
    • a
    • Symbol klasyfikacji
    • 803.0::802.0::804.0
080 -Uniwersalna Klasyfikacja Dziesiętna [ , ]
    • a
    • Symbol klasyfikacji
    • ::805.0::806.0-3
980 -Symbol UKD [ , ]
    • a
    • UKD
    • 803.0::802.0::804.0::805.0::806.0]-3
920 -ISBN [ , ]
    • a
    • ISBN
    • 3-85049-090-4 Find
Lokalizacja Data inwentaryzacji Numer inwentarzowy Sygnatura Status udost.
BE2001-01-11S.87481FUNDACJA POLSKO-NIEMIECKA-2